Mechanics of composite materials (Record no. 386564)

MARC details
000 -LEADER
fixed length control field 00525 a2200205 4500
005 - DATE & TIME
control field 20250430102856.0
008 - FIXED-LENGTH DATA ELEMENTS--GENERAL INFORMATION
fixed length control field 250429b |||||||| |||| 00| 0 eng d
020 ## - ISBN
International Standard Book Number 9781138571075
Price Rs. 2995.00
040 ## - CATALOGING SOURCE
Original cataloging agency VIVEKANANDA LIBRARY
082 ## - DDC NUMBER
Classification number 620.11892
Book Number J742M(2)
100 ## - MAIN ENTRY--PERSONAL NAME
Personal name Jones, Robert M
245 ## - TITLE STATEMENT
Title Mechanics of composite materials
250 ## - EDITION STATEMENT
Edition statement 2nd
260 ## - PUBLICATION, DISTRIBUTION, ETC. (IMPRINT)
Name of publisher, distributor, etc CRC Press
Date of publication, distribution, etc 2024
Place of publication, distribution, etc London
300 ## - PHYSICAL DESCRIPTION
Pages xi, 519
650 ## - Subject
Subject Computer Materials
650 ## - Subject
Subject Engineering
650 ## - Subject
Subject Mechanical Properties
942 ## - ADDED ENTRY ELEMENTS (KOHA)
Koha item type Books
Holdings
Withdrawn status Lost status Source of classification or shelving scheme Damaged status Not for loan Location (home branch) Sublocation or collection (holding branch) Shelving location Date acquired Koha issues (times borrowed) Koha full call number Accession No. Koha date last seen Koha item type
    Dewey Decimal Classification     VIVEKANANDA LIBRARY VIVEKANANDA LIBRARY UIET Library 30/01/2025   620.11892 Rs.2995.00 430695 30/01/2025 Books
© Designed and Maintained by Vivekananda Library, MDU Rohtak